|
|
|
|
| LEADER |
00906 a2200241 4500 |
| 008 |
100208b ||||| |||| 00| 0 eng d |
| 020 |
|
|
|a 9780199452651
|c Rs 995
|
| 020 |
|
|
|a 0199452652
|
| 082 |
0 |
4 |
|a 336.30954
|
| 100 |
1 |
|
|a Venugopal Reddy, Y.
|
| 245 |
1 |
0 |
|a Financial and fiscal policies :
|b crises and new realities /
|c Y.V. Reddy, Narayan Valluri, Partha Ray.
|
| 250 |
|
|
|a First edition.
|
| 260 |
|
|
|a New Delhi:
|b Oxford University Press,
|c 2014.
|
| 300 |
|
|
|3 344 p.
|
| 650 |
|
0 |
|a Financial crises
|
| 650 |
|
0 |
|a Fiscal policy
|
| 650 |
|
0 |
|a Financial crises
|
| 650 |
|
0 |
|a Global Financial Crisis, 2008-2009.
|
| 700 |
1 |
|
|a Valluri, Narayan,
|
| 700 |
1 |
|
|a Ray, Partha,
|
| 942 |
|
|
|c BK
|
| 999 |
|
|
|c 318533
|d 318533
|
| 952 |
|
|
|0 0
|1 0
|2 ddc
|4 0
|6 336_309540000000000_RED_F
|7 0
|9 364695
|a ECN
|b ECN
|c GEN
|d 2016-05-30
|e Calicut Books distributors, Calicut.
|i 8823
|l 1
|o 336.30954 RED/F
|p ECN8823
|r 2017-08-02
|s 2017-07-07
|w 2016-05-30
|y BK
|